000 00478nam a2200181Ia 4500
008 100917s9999 xx 000 0 und d
082 _b12891
100 _aहसमनीस द. का.
245 _aपाकोळी
260 _bयुवराज प्रकाशन
300 _a138
365 _b10
520 _aकादंबरी
630 _aपाकोळी
650 _aकादंबरी
730 _aपाकोळी
942 _cBOOK
999 _c618285
_d618282